• 首页
  • 本馆介绍
  • 公告通知
  • 最新文献
  • 馆藏检索
  • 电子资源
  • 读者导购
  • 参考咨询
  • 我的图书馆
  • 登录
  • 详细信息显示
  • 放入我的书架
  • 预约/预借图书
  • 作者相关作品
  • 分类相关作品
  • 丛书相关作品
  • 出版社相关作品

书目信息

  • 表格格式
  • 工作单格式
  • 卡片格式
题名:
跨世纪的思考
    
 
作者: 卢子博 主编
分册:  
出版信息: 北京   北京图书馆出版社  1999
页数: 545页
开本: 20cm
丛书名:
单 册:
中图分类: G259.2-53
科图分类:
主题词: 图书馆事业--文集--中国
电子资源:
ISBN: 7-5013-1675-9
000 00681nam0 2200217 450
001 0551634421
005 20051031142623.09
010    @a7-5013-1675-9@dCNY28.00
092    @aCN
100    @a20051031d1999 km y0chiy0120 ea
101 0  @achi
102    @aCN@b110000
200 1  @a跨世纪的思考@Akua shi ji de si kao@e中国图书馆事业高层论坛@f卢子博主编@Flu zi bo zhu bian
210    @a北京@c北京图书馆出版社@d1999
215 1  @a545页@d20cm
517 1  @a中国图书馆事业高层论坛@Azhong guo tu shu guan shi ye gao ceng lun tan
606 0  @a图书馆事业@x文集@y中国
690    @aG259.2-53@v4
701  0 @a卢子博@Alu zi bo@4主编
801  0 @aCN@bPFT@c20051031
905    @a10447@dG259.2-53@e21
    
    跨世纪的思考:中国图书馆事业高层论坛/卢子博主编.-北京:北京图书馆出版社,1999
    545页;20cm
    
    
    ISBN 7-5013-1675-9:CNY28.00
    
●
相关链接 在E读中查询图书 在五车中查询图书 在当当中查询图书 在豆瓣中查询图书


正题名:跨世纪的思考     索取号:G259.2-53/21         预约/预借

序号 登录号 条形码 馆藏地/架位号 状态 备注
1 0337355   203373553   第一样本阅览室/ [索取号:G259.2-53/21] 在馆    
2 0337356   203373562   第四借阅区/ [索取号:G259.2-53/21] 在馆    
唐山师范学院图书馆 欢迎您!
大连网信软件有限公司© 版权所有